Statistiche per Paesi che iniziano con la A

Clicka qui per fare il quiz!

Statistiche generali

  • Questo quiz è stato fatto 3.630 volte
  • Il punteggio medio è 9 su 12

Statistiche sulle risposte

Paese% Corretto
Andorra
84%
Australia
84%
Austria
81%
Armenia
80%
Albania
77%
Algeria
76%
Angola
74%
Argentina
73%
Azerbaijan
73%
Afghanistan
68%
Antigua e Barbuda
60%
Arabia Saudita
53%

Distribuzione punteggi

Percentile per numero di risposta

Percentuale di utenti per punteggio

I tuoi punteggi nel tempo

Non hai fatto questo quiz